000 00335nam a2200145Ia 4500
008 191201s2010 xx 000 0 und d
082 _a658
_bCEM
100 _aCERTO, Samuel
245 0 _aModern Management Concepts and Skills
250 _a11th
260 _aN.Delhi
_bPHI
_c2010
300 _a600
650 _aMBA
942 _2ddc
_cBK
999 _c5490
_d5490